Загрузка...

Cutting Edge: Encyclopedia of advanced technology /

Библиографические подробности
Формат: Printed Book
Язык:English
Опубликовано: Oxford : Oxford University Press, 2000.
LEADER 00555nam a2200157Ia 4500
008 150624b xxu||||| |||| 00| 0 eng d
020 |a 0195128990 
020 |a 195128990 
082 |a 603 
245 |a Cutting Edge:  |b Encyclopedia of advanced technology / 
260 |a Oxford :  |b Oxford University Press,  |c 2000. 
300 |a 360 p. 
505 |a 1. Cutting edge: Encyclopedia of advanced technologies. 
942 |c REF 
999 |c 52002  |d 52002 
952 |0 0  |1 0  |4 0  |6 603_000000000000000_CUT  |7 0  |9 51980  |a UL  |b UL  |c REF  |d 2012-10-27  |l 0  |o 603 CUT  |p 74996  |r 2012-10-27  |w 2012-10-27  |y REF